000 01117cam a2200337 i 4500
001 15580
003 DO-SdUEMH
005 20260129201841.0
007 ta
008 211105s2011 dr a|||gr|||| 000 0 spa|d
020 _a9789945443622 (serie)
020 _a9789945443899 (v. 184)
040 _aDO-SdUEMH
_bspa
_erda
041 _aspa
082 1 4 _a330.97293
_bN964e
_mRD
084 _b18-00058
110 _a República Dominicana: Banco Central
245 1 0 _aNueva literatura económica dominicana :
_bpremios del Concurso de Economía Biblioteca "Juan Pablo Duarte", 2011 /
260 _c2011
264 0 1 _aSanto Domingo :
_bBanco Central de la República Dominicana,
_c2012
264 4 _c©2012
300 _axxi, 332 paginas :
_bilustraciones :
_c23 cm.
336 _2rdacontent
_atexto
_btxt
337 _2rdamedia
_asin mediación
_bn
338 _2rdacarrier
_avolumen
_bnc
490 _aColección del Banco Central de la República Dominicana ;
_v184
490 _aSerie Nueva Literatura Económica ;
_v15
504 _aBibliografías al final de las partes
942 _2ddc
_cBK
_n0
999 _c15580
_d15580